000 00483nam a2200169 i 4500
001 44818
003 ES-MaACL
005 20230906161111.0
007 t|
008 030324s1910 it ||||1| ita d
100 1 _aClodd, Edoardo.
_939276
245 1 2 _aI pioneri dell'evoluzione da Talete ad Huyley... /
_cEdoardo Clodd.
260 _aTorino :
_bBocca,
_c1910 (
_fGuido Momo)
300 _aX, 284 p. ;
_c20 cm.
500 _aCon el retrato de Darwin.
852 _aES-MaACL
_jF-10487
999 _c44818
_d44818